000 00533 a2200181 4500
003 OSt
005 20260307133529.0
008 260306b |||||||| |||| 00| 0 eng d
020 _a9789362542557
040 _coclc
082 _a894.8123
_bAKH/M
100 1 _aDharmajan, Akhil Pi.,
_d1993-
_99966
245 _aMERCURY ISLAND LOKAVASANAM /
_cAkhil P. Dharmajan
250 _a13th Ed.
260 _aKottayam:
_bD C Books.
_c2026,
300 _a430 pages
942 _2ddc
_cBK
_h894.8123
_iAKH/M
_k894.8123
_mAKH/M
999 _c44654
_d44654